000 00914nam a2200253Ia 4500
003 OSt
005 20220923212456.0
006 a|||||r|||| 00| 0
007 ta
008 220922b |||||||| |||| 00| 0 hin d
024 _a153,361
037 _cTextual
040 _aARTS
_cARTS
_bhin
041 _2hin
_ahin
082 _aO152vI, L3
100 _aचतुर्वेदी, श्रीनारायण
245 0 _aआधुनिक हिन्दी का आदिकाल
_b 1857-19 8
246 _aĀdhunik hindī kā ādikāla: 1857-1908
260 _aइलाहाबाद
_b हिन्दुस्तानी एकेडेमी
_c1973
300 _a10] 251 पृ.
_ccm.
650 _aहिन्दी साहित्य
_9156264
942 _hO152vI, L3
_cTEXL
_2CC
999 _c309008
_d309008